Macroeconomía (Registro nro. 4271)

Detalles MARC
000 -LEADER
fixed length control field 01415 a2200253 4500
001 - CONTROL NUMBER
control field 47006
005 - DATE AND TIME OF LATEST TRANSACTION
control field 20260407155739.0
008 - FIXED-LENGTH DATA ELEMENTS--GENERAL INFORMATION
fixed length control field 260407a1992 arg spa d
003 - CONTROL NUMBER IDENTIFIER
control field AR-UNSa-BCEJYS
040 ## - CATALOGING SOURCE
Original cataloging agency AR-UNSa-BCEJYS
Language of cataloging spa
Transcribing agency AR-UNSa-BCEJYS
080 ## - UNIVERSAL DECIMAL CLASSIFICATION NUMBER
Universal Decimal Classification number 330.101.541
Common auxiliary subdivision Macroeconomía
020 ## - INTERNATIONAL STANDARD BOOK NUMBER
International Standard Book Number 84-85855-61-2
041 ## - LANGUAGE CODE
Language code of text/sound track or separate title spa
100 1# - MAIN ENTRY--PERSONAL NAME
Personal name Taylor, John B.
245 10 - TITLE STATEMENT
Title Macroeconomía
250 ## - EDITION STATEMENT
Edition statement 3a. ed.
264 #1 - PRODUCTION, PUBLICATION, DISTRIBUTION, MANUFACTURE, AND COPYRIGHT NOTICE
Place of production, publication, distribution, manufacture Barcelona :
Name of producer, publisher, distributor, manufacturer Antoni Bosch
Date of production, publication, distribution, manufacture, or copyright notice 1992
300 ## - PHYSICAL DESCRIPTION
Extent xxvi, 726 p.
Dimensions 22 cm.
505 ## - FORMATTED CONTENTS NOTE
Formatted contents note Parte I: Fundamentos de macroeconomía: 1. La macroeconomía - 2. Medición de los resultados económicos: la producción y la renta - 3. El seguimiento de la economía: la inflación y el empleo - 4. El modelo dl crecimiento a largo plazo - 5. La política fiscal y la política monetaria en una economía de pleno empleo - 6. Las fluctuaciones a corto plazo - 7. El modelo IS-LM - 8. El modelo completo - 9. La política macroeconómica: una primera aproximación - Parte II: Los fundamentos microeconómicos de la demanda agregada: la demanda de consumo - 11. La demanda de inversión - 12. El comercio exterior y el tipo de cambio - 13. El déficit público y la demanda agregada - 14.
590 ## - LOCAL NOTE (RLIN)
Local note niveau_biblio:m niveau_hierar:0
700 1# - ADDED ENTRY--PERSONAL NAME
Personal name Hall, Robert E.
856 41 - ELECTRONIC LOCATION AND ACCESS
Uniform Resource Identifier <a href="https://www.biblioeco.unsa.edu.ar/pmb/images/libros/L127372.jpg">https://www.biblioeco.unsa.edu.ar/pmb/images/libros/L127372.jpg</a>
Link text Imagen de portada
Electronic format type image/jpeg
942 ## - ADDED ENTRY ELEMENTS (KOHA)
Koha item type
Existencias
Withdrawn status Lost status Damaged status Not for loan Home library Current library Shelving location Date acquired Total checkouts Full call number Barcode Date last seen Price effective from Koha item type
        Biblioteca Prof. Eusebio Cleto del Rey Biblioteca Prof. Eusebio Cleto del Rey   07/04/2026   330.101.541 H174 3ed. L127372 07/04/2026 07/04/2026 Libro